000 00399 a2200121 4500
001 ART_14669
005 20260410161913.0
008 260409a
245 1 0 _aTests of a model of production for the Federal Republic of Germany, 1950-1973
100 1 _aJorgenson, Dale W.
700 1 _aConrad, Klaus
773 0 _tEuropean economic review
_g- Vol. 10, NÂș 1 (oct. 1977)
_wREV13346
999 _c26979
_d26979